Southville International School and Colleges
Your cart is empty.
  • Cart
  • Lists
    Public lists Eva Luna New books Lux_list list_1
    Your lists Log in to create your own lists
  • Log in to your account
  • Your cookies
  • Search history
Southville International School and Colleges
  • Advanced search
  • Recent comments
  • Most popular
  • Libraries

Log in to your account

Log in with GOOGLE


If you do not have an external account, but do have a local account, you can still log in:

  1. Home
  2. MARC view: Pittsburgh: the story of a city, 1750-1865,
Normal view MARC view ISBD view

Pittsburgh: the story of a city, 1750-1865, (Record no. 35443)

[ view plain ]
MARC details
000 -LEADER
fixed length control field 01291cam a2200325 4500
001 - CONTROL NUMBER
control field 4562428
003 - CONTROL NUMBER IDENTIFIER
control field OSt
005 - DATE AND TIME OF LATEST TRANSACTION
control field 20140311130134.0
008 - FIXED-LENGTH DATA ELEMENTS--GENERAL INFORMATION
fixed length control field 700824t19701937pauab 001 0 eng
010 ## - LIBRARY OF CONGRESS CONTROL NUMBER
LC control number 73104172
020 ## - INTERNATIONAL STANDARD BOOK NUMBER
International Standard Book Number 0822952165
040 ## - CATALOGING SOURCE
Original cataloging agency DLC
Transcribing agency DLC
Modifying agency DLC
043 ## - GEOGRAPHIC AREA CODE
Geographic area code n-us-pa
050 00 - LIBRARY OF CONGRESS CALL NUMBER
Classification number F 159
Item number .B181 1937
082 00 - DEWEY DECIMAL CLASSIFICATION NUMBER
Classification number M 974.886
Item number B19 1937
100 1# - MAIN ENTRY--PERSONAL NAME
Personal name Baldwin, Leland Dewitt,
Dates associated with a name 1897-
245 10 - TITLE STATEMENT
Title Pittsburgh: the story of a city, 1750-1865,
Statement of responsibility, etc Baldwin, Leland D.
260 ## - PUBLICATION, DISTRIBUTION, ETC. (IMPRINT)
Place of publication, distribution, etc [Pittsburgh]
Name of publisher, distributor, etc University of Pittsburgh Press
Date of publication, distribution, etc [1970, c1937]
300 ## - PHYSICAL DESCRIPTION
Extent xi, 341 p.
Other physical details illus., maps.
Dimensions 21 cm.
350 ## - PRICE (NR) (BK AM CF MU VM SE) [OBSOLETE]
Price 2.95
490 0# - SERIES STATEMENT
Series statement Pitt paperback,
Volume number/sequential designation 56
500 ## - GENERAL NOTE
General note "This book is one of a series relating to Western Pennsylvania history written under the direction of the Western Pennsylvania Historical Survey sponsored jointly by the Buhl Foundation, the Historical Society of Western Pennsylvania, and the University of Pittsburgh."
651 #0 - SUBJECT ADDED ENTRY--GEOGRAPHIC NAME
Geographic name Pittsburgh (Pa.)
General subdivision History.
710 2# - ADDED ENTRY--CORPORATE NAME
Corporate name or jurisdiction name as entry element Western Pennsylvania Historical Survey.
710 2# - ADDED ENTRY--CORPORATE NAME
Corporate name or jurisdiction name as entry element Buhl Foundation.
856 42 - ELECTRONIC LOCATION AND ACCESS
Materials specified Publisher description
Uniform Resource Identifier <a href="http://www.loc.gov/catdir/enhancements/fy0709/73104172-d.html">http://www.loc.gov/catdir/enhancements/fy0709/73104172-d.html</a>
906 ## - LOCAL DATA ELEMENT F, LDF (RLIN)
a 7
b cbc
c orignew
d 2
e ncip
f 19
g y-gencatlg
942 ## - ADDED ENTRY ELEMENTS (KOHA)
Source of classification or shelving scheme Library of Congress Classification
Koha item type Books
Call number prefix

No items available.

Pittsburgh: the story of a city, 1750-1865,

APA

Baldwin L. D., Western Pennsylvania Historical Survey & Buhl Foundation. (19701937). Pittsburgh: the story of a city, 1750-1865. [Pittsburgh]: University of Pittsburgh Press.

Chicago

Baldwin Leland Dewitt, Western Pennsylvania Historical Survey and Buhl Foundation. 19701937. Pittsburgh: the story of a city, 1750-1865. [Pittsburgh]: University of Pittsburgh Press.

Harvard

Baldwin L. D., Western Pennsylvania Historical Survey and Buhl Foundation. (19701937). Pittsburgh: the story of a city, 1750-1865. [Pittsburgh]: University of Pittsburgh Press.

MLA

Baldwin Leland Dewitt, Western Pennsylvania Historical Survey and Buhl Foundation. Pittsburgh: the story of a city, 1750-1865. [Pittsburgh]: University of Pittsburgh Press. 19701937.

  • Print
  • Cite
  • Add to your cart (remove)
  • Save record
    BIBTEX Dublin Core MARCXML MARC (non-Unicode/MARC-8) MARC (Unicode/UTF-8) MARC (Unicode/UTF-8, Standard) MODS (XML) RIS
  • More searches
    Search for this title in:
    Other Libraries (WorldCat) Other Databases (Google Scholar) Online Stores (Bookfinder.com) Open Library (openlibrary.org)

Exporting to Dublin Core...

SOUTHVILLE LIBRARY

Southville International School and Colleges Library

1281 Tropical Ave. Cor. Luxembourg St., BF Homes International, Las Pinas City

Tel. No. 8256374 / 252358 Loc. 117/146

Powered by Koha